000 00541 a2200181 4500
999 _c3769
_d3769
020 _a9780415435185
050 _aND 1143 ACT 2009
100 _aActon,Mary
_eauthor
245 _aLearning to look at paintings /
_cMary Acton
250 _a2nd ed.
264 _aNew York:
_bRoutledge,
_c2009
300 _a267p.:
_bill.(col.)
500 _aIncludes bibliographical references and index
650 _aPainting-
_xappreciation
650 _aVisual perception
650 _aPainting-
_xthemes, motives
942 _2lcc
_cBK
_e2nd ed.
_h1143
_iACT
_kND